000 00878nam a2200241 i 4500
001 bg
100 1 _aZAWADZKA, Ludmiła
245 1 0 _aMetody ilościowe w organizacji i zarządzaniu.
_cLudmiła Zawadzka ; Politechnika Gdańska.
_nCz. 1 /
260 _aGdańsk :
_bWydaw. PG,
_c1996.
300 _a104, [1] s. :
_brys., wykr. ;
_c24 cm.
504 _aBibliogr. s. [105].
521 _aSkrypt dla studentów III semestru Wydz. Mechanicznego, kierunku Organizacja i Zarządzanie.
650 9 _aBadania operacyjne
_xstosowanie
_xprzemysł
650 9 _aZarządzanie
_xprzemysł
_xmetody
650 9 _aProgramowanie liniowe
_xstosowanie
_xprzemysł
650 9 _aPrzedsiębiorstwo
_xorganizacja
_xmetody
655 _aPodręczniki akademickie
040 _cBPK
041 0 _apl
080 _a519.8:658.1/.5](075.8)
942 _cKS
008 s pl f |000 0 pol
999 _c24860
_d24860
856 _uhttp://koha.tu.koszalin.pl/cgi-bin/koha/opac-detail.pl?biblionumber=24860
_yKatalog online BPK